Statistics for Five Good Emperors

Click here to take the quiz!

General Stats

  • This quiz has been taken 24 times
  • The average score is 4 of 5

Answer Stats

Answer% Correct
Marcus Aurelius
86%
Trajan
86%
Nerva
82%
Hadrian
73%
Antoninus Pius
59%

Score Distribution

Percentile by Number Answered

Percent of People with Each Score

Your Score History

You have not taken this quiz